000 00377 a2200157 4500
001 47408
020 _a8532612954
040 _cAnchieta - Aquarius
100 _aDEHEINZELIN, Monique
240 1 0 _aA fome com a vontade de comer
_lpor
245 1 0 _aA fome com a vontade de comer
300 _a218 p.
362 0 _a1994
650 4 _aCurrĂ­culoNĂ­vel superior
942 _cBK
999 _c47408
_d47408